Big Sur and the oranges of Hieronymus Bosch.

Bibliographic Details
Main Author: Miller, Henry, 1891-1980
Format: Book
Language:English
Published: [New York] : New Directions, [1957]

MARC

Tag First Indicator Second Indicator Subfields
LEADER 00000cam a2200000 4500
001 in00000033516
005 20151007061846.0
008 720420s1957 nyua 00000 eng u
010 |a  57005542  
035 |a (OCoLC)00289462 
035 |9 AAD3299AM 
040 |c WSU  |d TXA  |d UtOrBLW 
049 |a TXAM  |c [283047] 
050 0 |a PS3525.I5454  |b B5 
092 |a 818  |b M648b 
100 1 |a Miller, Henry,  |d 1891-1980. 
245 1 0 |a Big Sur and the oranges of Hieronymus Bosch. 
264 1 |a [New York] :  |b New Directions,  |c [1957] 
300 |a 404 pages :  |b illustrations ;  |c 21 cm. 
336 |a text  |b txt  |2 rdacontent 
337 |a unmediated  |b n  |2 rdamedia 
338 |a volume  |b nc  |2 rdacarrier 
999 |a MARS 
999 f f |s 4b55ce6f-294a-322e-a263-c2bcac9098d9  |i 41e79685-0669-3ef1-81cd-166ab4a9a816  |t 0 
952 f f |p normal  |a Texas A&M University  |b College Station  |c Sterling C. Evans Library  |d Evans: Library Stacks  |t 0  |e PS3525.I5454 B5  |h Library of Congress classification  |i unmediated -- volume  |m A14801264866 
998 f f |a PS3525.I5454 B5  |t 0  |l Evans: Library Stacks